000 00437nam a2200133Ia 4500
008 220216s9999 xx 000 0 und d
100 _aPanikkar A.O.N.
245 0 _aWood anatomy of Hevea brasiliensis
260 _bInternational Rubber Conference, 23-28 November 1980, Rubber Research Institute of India, Kottayam, India.
_c1980
650 _aRubber wood anatomy
700 _aDeshpande B.D.
700 _aPremakumari D.
942 _cBS
999 _c49382
_d49382